Proximate composition, extraction, and purification of theobromine from cocoa pod husk (Theobroma cacao L.)
El props̤ito de esta investigacin̤ fue determinar la composicin̤ aproximada de teobromina contenida en cs̀cara de cacao y las condiciones p̤timas de extraccin̤ y purificacin̤. Los resultados indicaron que este tipo de biomasa inclua̕ altas cantidades de humedad y carbohidratos (87,06 y 11,03 % en pe...
Sábháilte in:
| Rannpháirtithe: | , , |
|---|---|
| Formáid: | LEABHAR |
| Teanga: | Béarla |
| Ábhair: | |
| Rochtain ar líne: | Proximate composition, extraction, and purification of theobromine from cocoa pod husk (Theobroma cacao L.) |
| Clibeanna: |
Cuir clib leis
Níl clibeanna ann, Bí ar an gcéad duine le clib a chur leis an taifead seo!
|
MARC
| LEADER | 00000nam a22000004a 4500 | ||
|---|---|---|---|
| 001 | vpro11822 | ||
| 005 | 20201223000000.0 | ||
| 008 | 170707s2017 ck # g## #001 0#eng#d | ||
| 020 | |||
| 022 | |a 2227-7080 | ||
| 040 | |a CO-BoINGC | ||
| 041 | 0 | |a eng | |
| 245 | 1 | 0 | |a Proximate composition, extraction, and purification of theobromine from cocoa pod husk (Theobroma cacao L.) |
| 246 | |a Composicin̤ aproximada, extraccin̤ y purificacin̤ de teobromina a partir de cs̀cara de cacao (Theobroma cacao L.) | ||
| 264 | |a Bogot ̀(Colombia) : |b Revista VirtualPRO, |c 2017 | ||
| 520 | 3 | |a El props̤ito de esta investigacin̤ fue determinar la composicin̤ aproximada de teobromina contenida en cs̀cara de cacao y las condiciones p̤timas de extraccin̤ y purificacin̤. Los resultados indicaron que este tipo de biomasa inclua̕ altas cantidades de humedad y carbohidratos (87,06 y 11,03 % en peso fresco, respectivamente), bajos contenidos de proten̕a cruda, lp̕idos crudos y cenizas (0,31, 0,12 y 1,48% en peso fresco, respectivamente). | |
| 650 | \ | \ | |a Biomasa |
| 650 | \ | \ | |a Agroindustria |
| 650 | \ | \ | |a Cacao |
| 650 | \ | \ | |a Residuos |
| 650 | \ | \ | |a Biomass |
| 650 | \ | \ | |a Agro-industry |
| 650 | \ | \ | |a Cacao |
| 650 | \ | \ | |a Waste |
| 650 | \ | \ | |a Residuos de cacao |
| 650 | \ | \ | |a Cs̀cara de cacao |
| 650 | \ | \ | |a Teobromina |
| 650 | \ | \ | |a Composicin̤ aproximada |
| 650 | \ | \ | |a Extraccin̤ |
| 650 | \ | \ | |a Purificacin̤ |
| 650 | \ | \ | |a Cocoa wastes |
| 650 | \ | \ | |a Cocoa husk |
| 650 | \ | \ | |a Theobromine |
| 650 | \ | \ | |a Approximate composition |
| 650 | \ | \ | |a Extraction |
| 650 | \ | \ | |a Purification |
| 700 | \ | \ | |a Nguyen Van Tang |
| 700 | \ | \ | |a Nguyen Nghia Huu |
| 700 | \ | \ | |a Molecular Diversity Preservation International (MDPI) |
| 856 | |z Proximate composition, extraction, and purification of theobromine from cocoa pod husk (Theobroma cacao L.) |u https://virtualpro.unach.elogim.com/biblioteca/composicion-aproximada-extraccion-y-purificacion-de-teobromina-a-partir-de-cascara-de-cacao-theobroma-cacao-l- | ||